Statistiques concernant Pays du monde commençant par A, B, C et D

Cliquez ici pour prendre le quiz!

Statistiques générales

  • Ce quiz a été pris 154 fois
  • Le résultat moyen est 42 sur 50

Réponses sur la Carte

Les réponses sont colorées sur une échelle allant du rouge au vert en fonction du pourcentage des utilisateurs qui les ont devinées à leur premier essai. Vous pouvez retrouver ces pourcentages ci-dessous.
 

Statistiques - réponses

pays% Correct
Australie
97%
Belgique
97%
Brésil
97%
Canada
97%
Danemark
96%
Algérie
95%
Afghanistan
94%
Allemagne
92%
Albanie
91%
Andorre
91%
Chine
91%
Argentine
90%
Chili
90%
Afrique du Sud
89%
Arménie
89%
Autriche
89%
Bolivie
89%
Bhoutan
88%
Corée du Nord
88%
Corée du Sud
88%
Azerbaïdjan
87%
Bulgarie
87%
Cuba
87%
Angola
86%
Biélorussie
86%
Arabie Saoudite
84%
Belize
84%
Cameroun
84%
Colombie
84%
Birmanie
83%
Bahamas
82%
Cap-Vert
82%
Botswana
81%
Bangladesh
80%
Comores
80%
Croatie
80%
Bénin
79%
Bosnie-Herzégovine
79%
Brunei
79%
Chypre
79%
Costa Rica
79%
Antigua-et-Barbuda
78%
Bahreïn
78%
Djibouti
76%
Barbade
74%
Cambodge
74%
Dominique
74%
Burkina Faso
73%
Côte d'Ivoire
73%
Burundi
72%

Distribution des résultats

Percentile par nombre de réponses

% des personnes avec chaque résultat

Votre développement - résultats

Vous n’avez pas pris ce quiz